Normal view
MARC view
- SCIENCE / Chemistry / Organic.
Entry Topical Term
001 - CONTROL NUMBER
- control field: 1275
003 - CONTROL NUMBER IDENTIFIER
- control field: NUST
005 - DATE AND TIME OF LATEST TRANSACTION
- control field: 20170522134313.0
008 - FIXED-LENGTH DATA ELEMENTS
- fixed length control field: 170522|| aca||aabn | a|a d
040 ## - CATALOGING SOURCE
- Original cataloging agency: NUST
- Transcribing agency: NUST
150 ## - HEADING--TOPICAL TERM
- Topical term or geographic name entry element: SCIENCE / Chemistry / Organic.
670 ## - SOURCE DATA FOUND
- Source citation: Work cat.: (NUST)0: Solomons, T. W. Graham / T.W. Graham Solomons, University of South Florida, Craig B. Fryhle, Pacific Lutheran University, Scott A. Snyder, Columbia University. 1274, Organic chemistry.
